| 000 | 00350nam a2200121Ia 4500 | ||
|---|---|---|---|
| 008 | 191014s9999 xx 000 0 und d | ||
| 082 |
_a519.5 _bSPI |
||
| 100 |
_aMurray r. Spiegel, Larry j. Stephens _924045 |
||
| 245 | 0 | _aSchaums Outline of Statistics 3rd Edition | |
| 260 |
_aPakistan _bNational Books Fundation |
||
| 300 | _aXvii,538 | ||
| 942 | _cBK | ||
| 999 |
_c531316 _d531316 |
||